Slovník dôchodkového sporenia

Vysvetlenie pojmov, ktoré sa týkajú dôchodkového sporenia. Čo je to dôchodková jednotka. Dôchodkový fond a druhy dôchodkových fondov. Osobný dôchodkový účet. Predčasný starobný dôchodok. Príspevky na starobné dôchodkové sporenie. Doživotný dôchodok. Starobné dôchodkové sporenie (II. pilier). Starobn...

Descrizione completa

Salvato in:
Dettagli Bibliografici
Autore principale: Moravčíková, Marta
Natura: Capitolo di libro
Lingua:slovacco
Soggetti:
Tags: Aggiungi Tag
Nessun Tag, puoi essere il primo ad aggiungerne!!

MARC

LEADER 00000naa$a2200000$$$4500
001 0050148
005 20231006122102.2
041 0 |a slo 
044 |a SK 
245 1 0 |a Slovník dôchodkového sporenia  |c Marta Moravčíková 
520 |a Vysvetlenie pojmov, ktoré sa týkajú dôchodkového sporenia. Čo je to dôchodková jednotka. Dôchodkový fond a druhy dôchodkových fondov. Osobný dôchodkový účet. Predčasný starobný dôchodok. Príspevky na starobné dôchodkové sporenie. Doživotný dôchodok. Starobné dôchodkové sporenie (II. pilier). Starobné poistenie (I. pilier). Starobný dôchodok. 
610 2 0 |a sporenie dôchodkové 
610 2 0 |a sporenie dôchodkové starobné 
610 2 0 |a dôchodky starobné 
610 2 0 |a fondy penzijné 
610 2 0 |a účty osobné dôchodkové 
610 2 0 |a poistenie starobné 
610 2 0 |a poisťovne sociálne 
100 1 |a Moravčíková, Marta